History Quiz

Random History or Clickable Quiz
Score 0/50 Timer 10:00
1 Play Today
% Correct
Hawaii
89.9%
Texas
87.8%
Rhode Island
84.5%
Michigan
83.8%
Utah
82.2%
Colorado
81.7%
Florida
81.5%
Oklahoma
80.8%
Washington
79.6%
Nebraska
79%
Virginia
78.9%
California
78.8%
Massachusetts
78.4%
Pennsylvania
77.6%
North Carolina
76%
Alaska
74.8%
Alabama
74.1%
New Jersey
73%
Connecticut
71.9%
Ohio
71%
Delaware
68.1%
Georgia
66.2%
South Carolina
63.8%
Wisconsin
63.6%
Illinois
63.5%
% Correct
Arkansas
63.1%
New York
62%
New Mexico
61.4%
Vermont
61.3%
Tennessee
61.1%
Minnesota
58.9%
New Hampshire
57.3%
Kentucky
52.6%
Nevada
48.9%
Mississippi
48%
Maryland
45.1%
West Virginia
43.9%
Arizona
43.7%
South Dakota
41.3%
Maine
41.2%
Idaho
39.8%
Kansas
39.2%
Oregon
36.8%
Montana
31.8%
Indiana
28.7%
Wyoming
26.8%
Missouri
26.2%
North Dakota
25.9%
Iowa
18.5%
Louisiana
12.7%
Remove Ads.
Support Sporcle.
Get the best of Sporcle when you Go Orange. This ad-free experience offers more features, more stats, and more fun while also helping to support Sporcle. Thank you for becoming a member.

You're not logged in!

Compare scores with friends on all Sporcle quizzes.
OR
Log In

Show Comments

Extras

Top Quizzes Today


Score Distribution

Your Account Isn't Verified!

In order to create a playlist on Sporcle, you need to verify the email address you used during registration. Go to your Sporcle Settings to finish the process.

Report this User

Report this user for behavior that violates our Community Guidelines.

Details: